000 00444nam a2200145Ia 4500
008 100122s9999 xx 000 0 und d
082 _b61419
_a923.254
100 _aटिळक ज श्री
245 _aमी जयंत टिळक
260 _bपद्मगंधा प्रकाशन
_c2002
300 _a224
630 _aमी जयंत टिळक
730 _aमी जयंत टिळक
942 _cBOOK
999 _c436187
_d436184